UM Logo

The intermediate accounting series : (Record no. 22769)

MARC details
000 -LEADER
fixed length control field 00620nam a22001817a 4500
005 - DATE AND TIME OF LATEST TRANSACTION
control field 20241111091711.0
008 - FIXED-LENGTH DATA ELEMENTS--GENERAL INFORMATION
fixed length control field 241022b |||||||| |||| 00| 0 eng d
020 ## - INTERNATIONAL STANDARD BOOK NUMBER
International Standard Book Number 9786219674041
082 ## - DEWEY DECIMAL CLASSIFICATION NUMBER
Classification number DFil 657.044 R571 2024
100 ## - MAIN ENTRY--PERSONAL NAME
Personal name Robles, Nenita S.
9 (RLIN) 835
245 ## - TITLE STATEMENT
Title The intermediate accounting series :
Remainder of title volume 3 /
Statement of responsibility, etc. Nenita S. Robles and Patricia M. Empleo.
250 ## - EDITION STATEMENT
Edition statement 2024 edition,
Remainder of edition statement volume 3.
260 ## - PUBLICATION, DISTRIBUTION, ETC. (IMPRINT)
Place of publication, distribution, etc. Quezon City :
Name of publisher, distributor, etc. PME Publishing Corporation,
Date of publication, distribution, etc. ©2024.
300 ## - PHYSICAL DESCRIPTION
Extent viii, 391 pages :
Other physical details illustrations ;
Dimensions 25 cm.
500 ## - GENERAL NOTE
General note Includes bibliography.
650 #0 - SUBJECT ADDED ENTRY--TOPICAL TERM
Topical term or geographic name as entry element Accounting.
9 (RLIN) 63880
942 ## - ADDED ENTRY ELEMENTS (KOHA)
Source of classification or shelving scheme Dewey Decimal Classification
Koha item type Filipiniana
Holdings
Withdrawn status Lost status Source of classification or shelving scheme Damaged status Not for loan Collection code Home library Current library Shelving location Date acquired Source of acquisition Cost, normal purchase price Total Checkouts Full call number Barcode Date last seen Date last checked out Price effective from Koha item type
    Dewey Decimal Classification     Filipiniana UM Digos College - LIC UM Digos College - LIC Book Cart 08/20/2024 Purchased 1311.00 1 DFil 657.044 R571 2024 28542 03/02/2026 02/26/2026 10/22/2024 Filipiniana